The human environment--the British view /

Bibliographic Details
Corporate Author: Great Britain. Department of the Environment
Format: Book
Language:English
Published: London : H.M.S.O., 1972.
Subjects:

MARC

Tag First Indicator Second Indicator Subfields
LEADER 00000cam a2200000 4500
001 in00000141913
005 20151002071714.0
008 730604s1972 enkab b 01000 eng
010 |a  72305249  
015 |a B72-12342 
020 |a 0117505161  |c 1.20 
035 |a (OCoLC)00666924 
035 |9 AAQ1819AM 
040 |a DLC  |c DLC  |d TXA  |d UtOrBLW 
043 |a e-uk--- 
049 |a TXAM  |c [1371714] 
050 0 0 |a TD171.5.G7  |b A46 
082 0 |a 301.31 
110 1 |a Great Britain.  |b Department of the Environment. 
245 1 4 |a The human environment--the British view /  |c prepared on the occasion of the United Nations Conference on the Human Environment, Stockholm, 1972; [prepared by the Department of the Environment and the Central Office of Information]. 
264 1 |a London :  |b H.M.S.O.,  |c 1972. 
300 |a 44 pages (2 folded) :  |b illustrations (some color), color maps. ;  |c 30 cm. 
336 |a text  |b txt  |2 rdacontent 
337 |a unmediated  |b n  |2 rdamedia 
338 |a volume  |b nc  |2 rdacarrier 
504 |a Bibliography: page 42. 
650 0 |a Environmental protection  |z Great Britain. 
999 |a MARS 
999 f f |s 19f826bb-c8d5-3609-aa61-c96701ca3924  |i 8ee72f14-b323-396a-a682-ae9e910c61f9  |t 0 
952 f f |p ric  |a Texas A&M University  |b Rellis Campus  |c Joint Library Facility  |d Remote Storage  |t 0  |e TD171.5.G7 A46  |h Library of Congress classification  |i unmediated -- volume  |m A14805357077 
998 f f |a TD171.5.G7 A46  |t 0  |l Remote Storage